000 00452cam a2200169ua 4500
020 _c90.00
041 _aeng
_h
082 _a551.49
_bPET/IN
100 _aPetty John, Wayne A .
245 _aIntroduction to artificial ground water recharge /
_cWayne Petty John A.
_hTextual Documents
260 _aJodhpur :
_bScientific Publishers ,
_c1988.
300 _a62 ; .
365 _a90.00
504 _a
942 _cBK
999 _c10734
_d10734